| 000 | 00478nam a22001457a 4500 | ||
|---|---|---|---|
| 008 | 150313b xxu||||| |||| 00| 0 eng d | ||
| 050 | _aPR1263.M25 | ||
| 100 |
_aMcIlwraith,A.K _916325 |
||
| 245 |
_aFive Elizabethan comedies _c/by Archibala Kennedy |
||
| 260 |
_aLondon _bOxford university Press _c1934 |
||
| 300 |
_a308p. ; _c16cm. |
||
| 440 |
_aThe World's classics _nno.422 _916326 |
||
| 650 |
_aEnglish drama _xEarly modern and Elizabethan _916327 |
||
| 942 |
_2lcc _cMONOGRAPH |
||
| 999 |
_c122435 _d122435 |
||